Analýza pomocou konkrétnych analytických nástrojov pre porovnanie efektívnosti online marketingu bakalárska práca

Na minha lista:
Detalhes bibliográficos
Autor principal: Špičuková, Natália
Autor Corporativo: Fakulta hospodárskej informatiky EU. Katedra aplikovanej informatiky
Outros Autores: Szivósová, Mária, 1958-
Formato: Livro
Idioma:eslovaco
Publicado em: Bratislava 2016
Tags: Adicionar Tag
Sem tags, seja o primeiro a adicionar uma tag!

MARC

LEADER 00000nbm a2200000 4500
001 0219069
005 20170329105753.2
041 0 |a slo 
044 |a SK 
245 1 0 |a Analýza pomocou konkrétnych analytických nástrojov pre porovnanie efektívnosti online marketingu  |b bakalárska práca  |c Natália Špičuková ; školiteľ: Mária Szivósová 
264 1 |a Bratislava  |c 2016 
300 |a 63 s. 
100 1 |a Špičuková, Natália 
700 1 |a Szivósová, Mária, 1958- 
710 2 |a Fakulta hospodárskej informatiky EU. Katedra aplikovanej informatiky